| 000 | 00561cam a22002051 4500 | ||
|---|---|---|---|
| 001 | sa 68018663 | ||
| 003 | DLC | ||
| 005 | 20260227112713.0 | ||
| 008 | 790309s1965 io a 000 1 jav | ||
| 010 | _asa 68018663 | ||
| 035 | _a(OCoLC)4727655 | ||
| 040 |
_aDLC _cOAU _dDLC |
||
| 042 | _apremarc | ||
| 050 | 0 | 0 |
_aPL5179.T75 _bW35 |
| 100 | 0 | _aTrijana Pr | |
| 245 | 1 | 0 |
_aWanita metakil; _bfiction, _ckarjané Trijana Pr. Gambar : L. M. B. Soemantri. |
| 260 |
_aSolo, _bMutiara Press _c[1965] |
||
| 300 |
_a33 p. _billus. _c14 cm. |
||
| 490 | 0 | _aBuku saku Mutiara | |
| 999 |
_c88567 _d88567 |
||